000 01034cam a2200325 a 4500
001 484
005 20240116145850.0
020 _a9781599905341 (hardcover)
020 _a9781599905358 (reinforced)
020 _a9780545670241
040 _aDLC
_cDLC
_dDLC
_dFISKH
_beng
050 0 0 _aPZ7.S24935
_bChi 2010
082 0 0 _a813.6
_222
100 1 _aSattler, Jennifer Gordon
245 1 0 _aChick 'n' Pug /
_cJennifer Sattler.
246 3 _aChick and Pug
250 _aFirst Scholastic printing, January 2014
260 _aNew York :
_bScholastic,
_c2010
300 _a16 leaves of plates :
_bcolor illustrations ;
_c27 cm.
505 _aH
520 _aChick leaves the boring coop in order to find his hero, Wonder Pug, and a little bit of excitement.
521 _a530
_bLexile
521 _aM
_bRaz-Plus
650 1 _aRoosters
_vFiction.
650 1 _aAdventure and adventurers
_vFiction.
650 1 _aPug
_vFiction.
650 1 _aDogs
_vFiction.
906 _a7
_bcbc
_corignew
_d1
_eecip
_f20
_gy-gencatlg
942 _2ddc
_cBK
_n0
999 _c484
_d484